000 00357nam a2200133Ia 4500
008 220216s9999 xx 000 0 und d
100 _aGeorge Sheeba
245 0 _aRubber krishi- Munnorukkangal shradhayode (Malayalam)
260 _bRubber (Malayalam)
_c2013
300 _a12-Nov
500 _aSource Year: 2013
650 _aRubber planting
942 _cJS
999 _c67757
_d67757